| 000 | 00000nam 2200000za 4500 |
| 001 | 9.842497 |
| 003 | CaOODSP |
| 005 | 20221107152333 |
| 007 | cr ||||||||||| |
| 008 | 170914s2011 onc |o f|0| 0 fre d |
| 040 | |aCaOODSP|bfre |
| 043 | |an-cn--- |
| 086 | 1 |aFA3-128/2011F-PDF |
| 110 | 1 |aCanada. |bBureau du vérificateur général. |
| 245 | 10|aFondation canadienne des relations raciales |h[ressource électronique] : |brapport d'examen spécial - 2011. |
| 260 | |aOttawa : |bBureau du vérificateur général du Canada, |c2011. |
| 300 | |a23 p. |
| 500 | |aPubli. aussi en anglais sous le titre : Canadian Race Relations Foundation : special examination report - 2011. |
| 520 | |a« Nous avons examiné les moyens et les méthodes de la Fondation canadienne des relations raciales afin de déterminer s'ils lui fournissent l'assurance raisonnable que ses actifs sont protégés et contrôlés, que la gestion de ses ressources est économique et efficiente, et que ses activités sont menées efficacement »--Points saillants, p. 1. |
| 692 | 07|2gccst|aVérification |
| 775 | 08|tCanadian Race Relations Foundation |w(CaOODSP)9.842495 |
| 856 | 40|qPDF|s348 Ko|uhttps://publications.gc.ca/collections/collection_2017/bvg-oag/FA3-128-2011-fra.pdf |